000
00266nam a22001217a 4500
003
SGT
082
_a
200
_b
S70C
100
_a
COELHO, V.H.
245
_a
SIKKIM AND BHUTAN
260
_b
INDIAN COUNCIL FOR CULTURAL RELATIONS
_c
1970
300
_a
138
942
_2
ddc
_c
BK
999
_c
31914
_d
31914